Central Library and Information Centre
Sibsagar Girls' College, Sivasagar : Assam

THE THEORY OF DRAMA (Record no. 8582)

MARC details
000 -LEADER
fixed length control field 00378cam a2200169ua 4500
008 - FIXED-LENGTH DATA ELEMENTS--GENERAL INFORMATION
fixed length control field 160909n1986 II |||gr||||Z||||||eng
040 ## - CATALOGING SOURCE
Original cataloging agency MAIN
041 ## - LANGUAGE CODE
-- English
082 ## - DEWEY DECIMAL CLASSIFICATION NUMBER
Classification number 822 NIC
100 ## - MAIN ENTRY--PERSONAL NAME
Personal name NICOLL.A,
Relator term AUTHOR.,
245 ## - TITLE STATEMENT
Title THE THEORY OF DRAMA
260 ## - PUBLICATION, DISTRIBUTION, ETC.
Place of publication, distribution, etc. NEW DELHI
Name of publisher, distributor, etc. DOOBA HOUSE
Date of publication, distribution, etc. 1986
300 ## - PHYSICAL DESCRIPTION
Extent 261.
942 ## - ADDED ENTRY ELEMENTS (KOHA)
Koha item type Books
653 ## - INDEX TERM--UNCONTROLLED
Uncontrolled term English drama
Holdings
Withdrawn status Lost status Damaged status Not for loan Collection code Home library Current library Shelving location Date acquired Full call number Barcode Date last seen Copy number Price effective from Koha item type Public note
        REFENG Central Library and Information Centre Sibsagar Girls College Central Library and Information Centre Sibsagar Girls College ENGLISH BOOK RACK 20.04.1983 822 NIC 07852 27.02.2020 1 27.02.2020 Books V
        REFENG Central Library and Information Centre Sibsagar Girls College Central Library and Information Centre Sibsagar Girls College ENGLISH BOOK RACK 20.04.1983 822 NIC 07853 27.02.2020 2 27.02.2020 Books V


Sibsagar Girl's College © 2020. All rights reserved.
Powered by Koha.
Maintained by Abhijit Borpuzari.